00454nam a22001577a 450000500170000002000260001703500130004303700270005608200140008310000180009724500440011526000310015927000600019030000260025050000200027620170704143147.0 a9789332516977c240.00 aB-668075 bTechniz Books/Venadpl a 612.8076 aPreece, Emma  aBiological psychology /cby Emma Preece c2014aDelhibPearson India a11 Community Centre, Panchsheel ParkbNew Delhie110017 c24cm(pbk)axv,208p. : aIncludes index